000 00676nam a2200277Ia 4500
005 20260121125536.0
008 008 260114s9999 xx 000 0 eng d
020 _a9783110238259
037 _aEBOOK
040 _aCRL
040 _beng
040 _cCRL
041 _2eng
041 _aeng
084 _qCRL
100 _aHaddad, Youssef A.
_9994745
245 0 _aControl into Conjunctive Participle Clauses
260 _bWalter de Gruyter
260 _bWalter de Gruyter
260 _c2011
650 _aLinguistics
_9994746
856 _uhttp://www.degruyter.com/isbn/9783110238259
942 _cEBOOK
999 _c1562750
_d1562750